Bolonský proces a reforma vysokoškolského vzdelávania na Slovensku

Lisabonský proces. Európsky priestor vysokoškolského vzdelávania. Bolonský proces. Reforma vysokého školstva na Slovensku.

Guardado en:
Detalles Bibliográficos
Autor principal: Fronc, Martin
Formato: Capítulo de libro
Lenguaje:eslovaco
Materias:
Etiquetas: Agregar Etiqueta
Sin Etiquetas, Sea el primero en etiquetar este registro!

MARC

LEADER 00000naa a2200000 4500
001 r048877
005 20230927095405.4
041 0 |a slo 
044 |a SK 
245 1 0 |a Bolonský proces a reforma vysokoškolského vzdelávania na Slovensku  |c Martin Fronc 
520 |a Lisabonský proces. Európsky priestor vysokoškolského vzdelávania. Bolonský proces. Reforma vysokého školstva na Slovensku. 
610 2 0 |a vzdelávanie 
610 2 0 |a školy vysoké 
610 2 0 |a Európa 
610 2 0 |a školstvo 
610 2 0 |a Slovensko 
610 2 0 |a reformy školské 
610 2 0 |a Lisabon 
610 2 0 |a Bologna 
100 1 |a Fronc, Martin